| 000 | 00656nam a22002297a 4500 | ||
|---|---|---|---|
| 003 | OSt | ||
| 005 | 20240612101556.0 | ||
| 008 | 240612b |||||||| |||| 00| 0 eng d | ||
| 020 | _a012403330 | ||
| 040 | _cMust | ||
| 082 |
_22nd, _a515.625 KEL 2001 |
||
| 100 |
_aKelley,Walter G _917077 |
||
| 245 |
_aDifference equations _bAn introduction with applications/ _cWalter G . kelley, |
||
| 250 | _a2nd, | ||
| 260 |
_aSan Diego; _bAcademic press: _cc2001. |
||
| 300 |
_aix,403; _bill: _c23cm. |
||
| 504 | _aIncludes references and index | ||
| 600 |
_aEquations _917078 |
||
| 610 | _2Equations | ||
| 700 |
_aPeterson,Allan C. _917079 |
||
| 942 |
_2ddc _cO_SHELF |
||
| 999 |
_c8398 _d8398 |
||